[Event "FIDE Online-ch U18 Open 2020"]
[Site "Online"]
[Date "2020.12.19"]
[Round "1.2"]
[White "Machinya Desire"]
[Black "Esipenko, Andrey"]
[Result "0-1"]
[WhiteElo "1638"]
[BlackElo "2683"]
[Annotator "TA"]
[PlyCount "66"]
[EventDate "2020.12.19"]
[EventType "k.o."]
[EventCountry "NET"]
[SourceTitle "playchess.com"]
[Source "ChessBase"]
[SourceQuality "1"]

{[%evp 10,66,-6,-13,-8,-10,0,-5,-2,-23,-17,-34,-33,-48,-31,-60,-55,-92,-81,-124,-130,-131,-112,-121,-111,-115,-119,-103,-88,-110,-122,-193,-212,-341,-160,-185,-193,-183,-172,-171,-170,-177,-160,-185,-166,-243,-222,-371,-386,-440,-423,-546,-382,-589,-589,-1181,-1187,-1588,-1552]} 1. e4 e5 2. Nf3 Nc6 3. g3 Nf6 4. d3 Bc5 5. Bg2 d6 6. O-O O-O {C44: Ponziani Opening and Scotch Gambit.} 7. c3 a5 8. Nbd2 h6 {[#] The position is equal.} 9. Qe2 $146 ({Predecessor:} 9. Nc4 Re8 10. Ne3 Bd7 11. Ne1 Ne7 12. d4 Ba7 13. N1c2 exd4 14. cxd4 Ng6 15. f3 {½-½ (68) Helemae,H (2169)-Parente,A (2088) ICCF email 2017}) 9... Be6 10. h3 Re8 11. Re1 d5 12. Nf1 d4 13. c4 a4 14. Qd1 Qb8 15. g4 Nd7 16. Ng3 f6 17. Nh4 b5 18. cxb5 Qxb5 {Threatens to win with ...Nb4.} 19. Nhf5 Bf8 {White must now prevent ...Nb4.} 20. Bf1 (20. h4 $17) 20... Nb4 $19 21. a3 (21. h4 $142) 21... Na2 (21... Bb3 $19 {and Black stays clearly on top.} 22. Qe2 Nc2 {[%mdl 64] Double Attack}) 22. Re2 Nxc1 23. Rxc1 Rac8 24. f3 c5 25. Rf2 Rb8 26. Qd2 Kh7 27. f4 (27. Rc2 {is a better defense.}) 27... g6 28. Nh4 {[#]} (28. fxe5 $142 Nxe5 29. Nh4) 28... exf4 $1 29. Ne2 g5 30. Nf5 Ne5 31. Nexd4 (31. Nxf4 $142 gxf4 32. Qxf4) 31... cxd4 {Black is clearly winning.} 32. Nxd4 Qb6 33. Nf5 Nf3+ {[%mdl 64] Double Attack.  Weighted Error Value: White=0.69/Black=0.16} 0-1

[Event "FIDE Online-ch U18 Open 2020"]
[Site "Online"]
[Date "2020.12.19"]
[Round "1.3"]
[White "Shevchenko, Kirill"]
[Black "Hepler Ramirez, Narayana"]
[Result "1/2-1/2"]
[WhiteElo "2592"]
[BlackElo "2117"]
[Annotator "TA"]
[PlyCount "92"]
[EventDate "2020.12.19"]
[EventType "k.o."]
[EventCountry "NET"]
[SourceTitle "playchess.com"]
[Source "ChessBase"]
[SourceQuality "1"]

{[%evp 11,92,-5,18,22,20,2,17,14,32,29,25,20,53,32,41,0,0,0,0,-10,-14,-45,0,0,0,0,55,56,58,52,55,0,0,0,10,0,0,0,0,0,31,27,6,0,6,9,125,132,114,116,234,0,0,0,0,0,0,0,0,0,0,0,0,0,0,0,0,0,0,0,0,0,0,0,0,0,0,0,0,0,0,0,0]} 1. e4 c5 2. c3 d5 3. exd5 Qxd5 4. d4 Nf6 5. Nf3 Bg4 6. dxc5 Qxc5 $1 {6...Qxc5 is better than 6...Qxd1+.} 7. h3 {B22: Sicilian: 2 c3.} Bh5 8. Na3 e6 9. Be3 Qa5 10. Nc4 {[#]} Qc7 $146 ({Predecessor:} 10... Qd5 11. Qb3 Bxf3 12. gxf3 b5 13. Nd2 a6 14. Rg1 Nbd7 15. Rg5 Qb7 16. f4 h6 {1-0 (43) Rabiega,R (2515)-Dauth,B (2322) Berlin 2010}) 11. Qa4+ Nbd7 12. Nfe5 {Threatens to win with g4.} Bc5 $1 {[%cal Rc5e3]} 13. Nxd7 Nxd7 14. g4 Bg6 15. Rd1 {[#] Hoping for Bxc5.} O-O-O 16. Bg2 Nb6 17. Rxd8+ Rxd8 18. Qxa7 Nxc4 (18... Bxe3 $11 19. Nxe3 Bd3) 19. Bxc5 $14 Qe5+ 20. Be3 {[%csl Gg2][%cal Ra7b7]} Be4 21. O-O ({Better is} 21. Bxe4 $1 $14 Qxe4 22. Qc5+ Kd7 23. O-O) 21... Bxg2 $11 22. Kxg2 Qe4+ 23. Kg3 Rd3 24. Qc5+ Kd7 $1 25. Re1 f5 26. gxf5 exf5 {Strongly threatening ...f4+.} 27. Qb5+ Ke7 {White must now prevent ...f4+.} 28. Kh2 Nxe3 (28... Kf7 $1 $11) 29. Rxe3 $16 Rxe3 {[#]} 30. Qc5+ $1 ({Reject} 30. fxe3 $6 Qxe3 31. Qxb7+ Kf6 $11) 30... Ke6 (30... Kf7 $16 {is a better defense.} 31. Qxe3 (31. fxe3 g5 $11) 31... Qc2) 31. fxe3 $2 $18 {[%mdl 4096] Endgame KQ-KQ} (31. Qxe3 $18 Qxe3 32. fxe3) 31... Qc2+ $11 {The position is equal.} 32. Kg3 {And now Qb6+ would win.} Qxb2 33. Qc8+ Ke5 34. Qc7+ Kf6 35. a4 Qe2 36. Qd6+ Kf7 37. Qd5+ Kf6 38. Qd4+ Kf7 39. Qd7+ Kf6 40. Qd8+ Kf7 41. Qc7+ Kf6 42. Qb6+ Ke5 43. Qd4+ Ke6 44. Qb6+ Ke5 45. Qd4+ Ke6 46. Qb6+ Ke5 {Weighted Error Value: White=0.11/Black=0.17} 1/2-1/2

[Event "FIDE Online-ch U18 Open 2020"]
[Site "Online"]
[Date "2020.12.19"]
[Round "1.3"]
[White "Sonis, Francesco"]
[Black "Talukdar, Rohan"]
[Result "1-0"]
[WhiteElo "2483"]
[BlackElo "2341"]
[Annotator "TA"]
[PlyCount "91"]
[EventDate "2020.12.19"]
[EventType "k.o."]
[EventCountry "NET"]
[SourceTitle "playchess.com"]
[Source "ChessBase"]
[SourceQuality "1"]

{[%evp 12,90,14,15,17,-12,-12,-32,-31,-47,-43,-63,-37,-44,-48,-49,-52,-75,-35,-45,-45,-72,-63,-106,-50,-137,-135,-138,-127,-119,-127,-143,-131,-147,-145,-187,-179,-172,-150,-172,-129,-145,-162,-142,-39,-39,-39,-39,-39,-39,-39,-39,0,-96,0,-268,-244,-253,-39,-46,0,0,0,0,0,0,0,0,271,261,315,313,331,294,29989,29990,29990,29991,29991,29992,29999]} 1. d4 Nf6 2. Nf3 g6 3. g3 Bg7 4. Bg2 d5 5. O-O O-O 6. c3 b6 7. Nbd2 {7.a4 is the hot move.} Bb7 {D02: 1 d4 d5 2 Nf3 sidelines, including 2...Nf6 3 g3 and 2...Nf6 3 Bf4.} 8. Ne5 Nbd7 9. Nd3 c5 {[#] Black is slightly better.} 10. e3 $146 ({Predecessor:} 10. b3 Qc7 11. Bb2 e5 12. dxe5 Nxe5 13. Qc2 Nc6 14. Rfe1 Rfe8 15. e4 Nxe4 16. Nxe4 dxe4 {0-1 (30) Krasevec,V (2065)-Kukovec,B (2198) Ljubljana 2005}) 10... Qc7 11. Re1 e5 12. dxe5 Nxe5 13. Nxe5 Qxe5 14. a4 a6 15. Qb3 Qe6 16. a5 b5 17. Qa3 Qe7 ({Black should play} 17... Nd7 $17 18. Nf3 Rfe8) 18. Nb3 (18. b4 $15) 18... Rac8 $17 19. Bd2 Ne4 20. Rad1 Rfd8 21. Bc1 h5 22. Nd2 h4 23. Nf3 hxg3 24. hxg3 g5 25. Qb3 Rd6 26. Qc2 Rh6 27. Nd2 g4 (27... f5 $17 {aiming for ...Qf7.} 28. Nxe4 fxe4) 28. Nxe4 $15 dxe4 29. c4 b4 30. b3 Bc3 31. Bd2 Be5 32. Bc1 (32. Bxe4 $11 Bxg3 33. Bxb7 Bxf2+ 34. Kxf2 Rh2+ 35. Bg2 (35. Kg1 Qh4 $11) 35... Qh4+ 36. Kg1 Rxg2+ 37. Kxg2 Qh3+ 38. Kg1 Qg3+ 39. Kh1 Qh3+ 40. Kg1 Qg3+ 41. Kh1 Qh3+ 42. Kg1) 32... Bc3 (32... Bc7 $17 33. Bb2 f5) 33. Rf1 $2 {[%mdl 8192]} (33. Bd2 $11) 33... Qe5 $19 34. Bd2 Bxd2 $2 (34... Qh5 $19 {[%csl Gh6][%cal Rh5h2]} 35. Rfe1 Be5) 35. Qxd2 {White wants to play Qd7.} Kg7 {Strongly threatening ...Rch8.} 36. Qd7 Rch8 {( -> ...Qh5)} 37. Qxg4+ ({Wrong is} 37. Qxb7 $2 Rh1+ $1 {[%mdl 512]} 38. Bxh1 Qh5 $19) 37... Rg6 38. Qf4 Qh5 {[%csl Gh8][%cal Rh5h2]} 39. Rfe1 $1 Bc8 $2 {[%mdl 8192] [#]} ({Not} 39... Rg4 $2 40. Qc7 $18) (39... Rf6 $1 $11 {and Black is okay.} 40. Qc7 Bc8) 40. Rd5 $1 $18 {[%cal Rd5h5]} Qh2+ 41. Kf1 Bg4 42. Qxe4 f5 $2 (42... Rh5 $18 43. Rc1 Rhg5) 43. Rd7+ {White mates.} Kh6 44. Qf4+ Kh5 45. f3 Bh3 46. Qh4# {What a fight!  Weighted Error Value: White=0.27/Black=0.53} 1-0

[Event "FIDE Online-ch U18 Open 2020"]
[Site "Online"]
[Date "2020.12.19"]
[Round "1.4"]
[White "Beukes, Dante M"]
[Black "Sargsyan, Shant"]
[Result "0-1"]
[WhiteElo "2206"]
[BlackElo "2596"]
[Annotator "TA"]
[PlyCount "130"]
[EventDate "2020.12.19"]
[EventType "k.o."]
[EventCountry "NET"]
[SourceTitle "playchess.com"]
[Source "ChessBase"]
[SourceQuality "1"]

{[%evp 9,130,32,26,37,50,35,20,17,8,23,25,12,18,-26,0,-63,-41,-58,-21,-29,-29,-22,11,0,0,0,2,0,-10,-8,-12,-21,62,-55,85,80,91,110,109,106,105,107,97,97,99,51,50,50,57,18,12,13,15,0,0,0,0,0,0,0,0,0,0,0,0,0,0,0,0,0,0,0,0,0,0,0,0,0,0,0,0,0,0,0,0,0,0,0,0,0,0,0,0,0,0,0,0,0,0,0,0,0,0,0,0,0,0,0,0,0,0,0,0,-8,0,0,0,0,0,0,0,-29973,-29974]} 1. e4 e5 2. Nf3 Nc6 3. Bb5 a6 4. Ba4 g6 5. d4 b5 6. Bb3 {C70: Ruy Lopez: 3...a6 4 Ba4, Norwegian and Delayed Schliemann.} exd4 7. Nxd4 Na5 8. c3 {The position is equal.} Bg7 9. O-O Bb7 {[#]} 10. Re1 $146 ({Predecessor:} 10. Bc2 Ne7 11. a4 c5 12. Nf3 d5 13. exd5 Qxd5 14. Qe2 Qc4 15. Bd3 Qg4 16. axb5 {1-0 (32) Bellia,F (2421)-Marchesich,G (2063) Forni di Sopra 2020}) 10... Ne7 11. Nd2 O-O 12. N2f3 ({White should try} 12. Bc2 $11) 12... c5 $15 13. Ne2 $1 Nxb3 14. axb3 Bxe4 15. Ng3 Bc6 16. Bg5 f6 17. Bf4 $1 d5 18. Qe2 Rf7 19. Qe6 $36 {[%mdl 2048] Bd6 is the strong threat. White has good play.} Qb6 20. Be3 Re8 (20... d4 $11 21. cxd4 Qb7) 21. Qd6 {[#]} (21. b4 $14) 21... Nc8 (21... d4 $1 $15 {[%mdl 512] stays ahead.} 22. cxd4 Qb7) 22. Qxc5 $16 Qxc5 23. Bxc5 Rxe1+ 24. Rxe1 a5 25. Nd4 Bd7 26. Nge2 Bh6 27. f4 a4 28. g3 Bf8 29. Bxf8 Kxf8 30. Nc1 Re7 31. Rxe7 Kxe7 $11 {[%mdl 4096] Endgame KBN-KNN} 32. Nd3 Kd6 33. Kf2 Nb6 34. Ke3 axb3 35. Nxb3 Bf5 36. Nd4 Nc4+ 37. Ke2 Bxd3+ 38. Kxd3 Nxb2+ {KN-KN} 39. Kc2 Nc4 40. Nxb5+ Kc5 41. Nd4 Ne3+ 42. Kd3 Ng4 43. Nf3 Nf2+ 44. Ke2 Ne4 45. Kd3 Kd6 46. Kd4 Nc5 47. c4 Ne6+ 48. Kc3 Kc5 49. cxd5 Kxd5 50. Kd3 Nc5+ 51. Ke3 Ne4 52. Nd4 Nf2 53. Nf3 Nd1+ 54. Ke2 Nc3+ 55. Kd3 Ne4 56. Ke3 Nc5 57. Nd2 Ke6 58. g4 Kd5 59. h4 Nd7 60. Ne4 Ke6 61. Kd4 h6 62. Nc5+ Nxc5 63. Kxc5 h5 (63... f5 $5 64. g5 $8 hxg5 65. hxg5 Ke7 $11) 64. f5+ Kf7 65. fxg6+ $2 {[%mdl 8192] [#]} (65. gxh5 $11 gxf5 66. Kd4) 65... Kxg6 {Weighted Error Value: White=0.23/Black=0.08} 0-1

[Event "FIDE Online-ch U18 Open 2020"]
[Site "Online"]
[Date "2020.12.19"]
[Round "1.5"]
[White "Iniyan, P."]
[Black "Soto, Miguel Angel"]
[Result "1/2-1/2"]
[WhiteElo "2506"]
[BlackElo "2273"]
[Annotator "TA"]
[PlyCount "116"]
[EventDate "2020.12.19"]
[EventType "k.o."]
[EventCountry "NET"]
[SourceTitle "playchess.com"]
[Source "ChessBase"]
[SourceQuality "1"]

{[%evp 24,115,16,0,0,-7,27,32,33,0,0,-9,-9,-9,-9,-9,-9,-9,-8,-9,-8,-16,79,0,0,-10,-13,-24,-12,-14,14,27,41,43,60,60,64,54,122,94,106,0,0,11,166,154,125,23,181,169,210,167,250,238,253,144,145,120,114,0,0,0,0,0,0,0,0,0,0,0,0,0,0,0,0,0,0,0,0,0,0,0,0,0,0,0,0,0,0,0,0,0,0,0]} 1. d4 Nf6 2. c4 e6 3. Nc3 Bb4 4. Qc2 O-O 5. a3 Bxc3+ 6. Qxc3 b6 7. Bg5 Bb7 8. e3 h6 9. Bh4 d6 10. f3 Nbd7 11. Bd3 c5 12. Ne2 Rc8 13. Qd2 cxd4 {E32: Nimzo-Indian: Classical (4 Qc2): 4...0-0.} 14. exd4 d5 15. cxd5 Bxd5 {White is slightly better.} 16. O-O Bc4 17. Rac1 Bxd3 18. Qxd3 Rxc1 19. Rxc1 Qa8 {[#]} 20. Rc7 $146 ({Predecessor:} 20. Qa6 Qd5 21. a4 Re8 22. Qb5 Qb7 23. Qc6 Qa6 24. Kf2 Qd3 25. Qb5 Qxb5 26. axb5 {0-1 (36) Ljubojevic,L (2571)-Salgado Lopez,I (2615) Linares 2015}) 20... Rc8 21. Qc4 Rxc7 22. Qxc7 Qd5 (22... g5 $11 {remains equal.} 23. Bg3 Qd5) 23. Qc8+ ({Much worse is} 23. Qxa7 $6 Qb5 $11) (23. Bxf6 $16 {And now Nc3 would win.} Nxf6 24. Qb8+ (24. Qxa7 Qb5 $11) 24... Kh7 25. Qxa7) 23... Kh7 24. Qc2+ g6 25. b3 Qa5 26. a4 Qf5 (26... Kg7 {feels hotter.} 27. Bg3 Nd5 28. Kf2 Qb4 29. Qc8 N7f6) 27. Qxf5 gxf5 $11 {[%mdl 4096] Endgame KBN-KNN} 28. Nc3 a6 29. Kf2 Kg6 30. Ke3 Nb8 {[#]} (30... Kg7 $14) 31. d5 $1 $16 e5 32. Bxf6 (32. d6 $16) 32... Kxf6 {KN-KN} 33. g4 fxg4 $2 (33... Nd7 $11) 34. fxg4 $18 Kg5 {[#]} 35. Kf3 (35. Ke4 $1 $16 {[%cal Re4e5]} Nd7 36. Kf3) 35... Nd7 $2 (35... f5 $11) 36. Ne4+ Kh4 37. b4 f6 (37... a5 $142) 38. Nd6 Kg5 39. a5 (39. Nf5 $18) 39... bxa5 $16 40. bxa5 h5 41. h3 (41. gxh5 $16 {Threatens to win with Ne8.} Kxh5 42. Ne8) 41... hxg4+ $11 {The position is equal.} 42. hxg4 Nc5 43. Ne4+ Nxe4 44. Kxe4 {Intending d6 and mate. K3P-K3P} Kg6 45. d6 {White wants to mate with d7.} Kf7 {...Ke6 is the strong threat.} 46. Kd5 Ke8 47. g5 fxg5 {( -> ...g4)} 48. Kxe5 {KPP-KPP} Kd7 49. Kf5 Kxd6 50. Kxg5 {KP-KP} Kc5 51. Kf4 Kb5 52. Ke3 Kxa5 {KP-K} 53. Kd2 Kb4 54. Kc1 Kb3 55. Kb1 a5 {[%cal Ba6a5,Ba5a4,Ba4a3,Ba3a2][%mdl 32]} 56. Ka1 a4 57. Kb1 a3 58. Ka1 a2 {White really could win this.  Weighted Error Value: White=0.21/Black=0.24} 1/2-1/2

[Event "FIDE Online-ch U18 Open 2020"]
[Site "Online"]
[Date "2020.12.19"]
[Round "1.6"]
[White "Talukdar, Rohan"]
[Black "Sonis, Francesco"]
[Result "1-0"]
[WhiteElo "2341"]
[BlackElo "2483"]
[Annotator "TA"]
[PlyCount "105"]
[EventDate "2020.12.19"]
[EventType "k.o."]
[EventCountry "NET"]
[SourceTitle "playchess.com"]
[Source "ChessBase"]
[SourceQuality "1"]

{[%evp 19,105,7,26,0,0,0,8,0,0,0,0,-16,0,0,-17,-37,-19,-39,-34,-58,-56,-96,-64,-152,-176,-170,-146,-146,-119,-152,-101,-81,-94,-131,-51,-71,-71,-81,-71,-86,-91,-129,-138,-131,-35,-27,0,-65,-33,-40,-40,-40,-40,-54,-16,-16,-28,-50,-45,-45,-45,-57,0,-36,29974,29976,29976,29977,29976,29977,29979,29980,29981,29982,29982,29983,29984,29983,29985,29986,29991,29992,29994,29995,29995,29996,29996,129]} 1. e4 e5 2. Nf3 Nc6 3. Bb5 a6 4. Ba4 Nf6 5. O-O Be7 6. Re1 b5 7. Bb3 d6 8. c3 O-O 9. d4 Bg4 10. Be3 Bh5 11. h3 {C91: Closed Ruy Lopez: 7...d6 8 c3 0-0 9 d4.} exd4 ({Avoid the trap} 11... Nxe4 $2 12. Bd5 $18) 12. cxd4 Na5 13. Nbd2 {The position is equal.} Nxb3 14. axb3 Qd7 {[#]} 15. Bf4 $146 ({Predecessor:} 15. d5 Bg6 16. Bf4 c6 17. dxc6 Qxc6 18. Nd4 Qb7 19. Nf5 Bxf5 20. exf5 Rfe8 21. Bg5 {½-½ (43) Jones,G (2677)-Vitiugov,N (2726) Batumi 2018}) 15... c5 16. g4 Bg6 17. dxc5 dxc5 18. Ne5 Qe6 19. Qf3 Rad8 20. Rad1 h6 21. Nxg6 (21. Qe2 $15) 21... fxg6 $17 22. Qg3 g5 23. Be5 Rd7 24. Bxf6 Bxf6 ({Not} 24... gxf6 25. Nf1 $11) (24... Rxf6 $142 25. Qe3 Rf4) 25. e5 Be7 {Threatens to win with ...Rfd8.} 26. Ne4 Rfd8 (26... Rxd1 $17 27. Rxd1 Rf4) 27. Nd6 Bxd6 28. exd6 Qf6 {[%cal Rd7d6]} 29. Rd5 Rxd6 30. Rxc5 Rd3 31. Re3 Rxe3 (31... Qxb2 $17 32. Rxd3 Qb1+ {[%mdl 64] Double Attack} 33. Kg2 Qxd3 34. Qxd3 Rxd3) 32. Qxe3 $15 Qxb2 $17 {[%mdl 4096] Endgame KQR-KQR} 33. Qe6+ ({Better is} 33. Rc6 $11) 33... Kh7 34. Qf5+ Kh8 35. Rc8 {[%cal Rc8d8] [#]} Qd4 36. b4 Qd1+ 37. Kg2 Qd6 38. Rxd8+ Qxd8 $11 {KQ-KQ} 39. Qe6 Qa8+ 40. f3 Qb7 ({Black should try} 40... Qf8 $15) 41. Kf2 {Strongly threatening Qe8+.} Kh7 $2 {[%mdl 8192] [#]} (41... Qa7+ $15 42. Kg2 Kh7) 42. Qe4+ $1 {White mates.} Qxe4 43. fxe4 {KP-KP} Kg6 44. Ke3 h5 45. Kd4 hxg4 46. hxg4 Kf6 47. Kd5 g6 48. Kd6 Kf7 49. e5 Ke8 50. e6 Kd8 51. e7+ Ke8 52. Ke6 a5 53. bxa5 {Never resign too early! Accuracy: White = 82%, Black = 61%.} 1-0

[Event "FIDE Online-ch U18 Open 2020"]
[Site "Online"]
[Date "2020.12.19"]
[Round "1.7"]
[White "Wang, Justin"]
[Black "Sahidi, Samir"]
[Result "1-0"]
[WhiteElo "2447"]
[BlackElo "2407"]
[Annotator "TA"]
[PlyCount "71"]
[EventDate "2020.12.19"]
[EventType "k.o."]
[EventCountry "NET"]
[SourceTitle "playchess.com"]
[Source "ChessBase"]
[SourceQuality "1"]

{[%evp 24,71,62,54,83,83,95,81,79,79,134,121,121,117,133,132,138,125,166,143,151,149,224,225,220,245,238,245,478,466,416,427,499,495,484,487,738,744,997,997,990,952,1122,1103,1586,1501,29992,29993,29994,29995]} 1. e4 e5 2. Nf3 Nc6 3. Bb5 a6 4. Ba4 Nf6 5. O-O Be7 6. Re1 b5 7. Bb3 d6 8. c3 O-O 9. h3 Na5 10. Bc2 c5 11. d4 cxd4 12. cxd4 Nc6 13. Nc3 $1 {[%cal Bb1c3,Bc3e2,Be2g3][%mdl 32] 13.Nc3 scores better than 13.d5.} Bb7 {C96: Closed Ruy Lopez: Chigorin Defence: 11 d4, replies other than 11...Qc7.} 14. d5 Na5 15. Ne2 {[#]} Qd7 $146 {White is better.} ({Predecessor:} 15... Bc8 16. Ng3 Bd7 17. a4 b4 18. Nxe5 dxe5 19. d6 Be6 20. dxe7 Qxe7 21. Nf5 Qc7 {1-0 (54) Fonseca Rodriguez,Y (2032)-Herrera Diaz,L San Nicolas de Bari 2009}) 16. b3 Rfc8 (16... Rfb8 $142) 17. Bd2 Bd8 18. Ng3 Bb6 19. Bd3 g6 20. a4 Kg7 21. Ra3 Qc7 22. Ra2 ({Reject} 22. axb5 $6 Bxf2+ 23. Kxf2 Qc5+ 24. Re3 Qxa3 $11) 22... Nxd5 (22... Nd7 $16) 23. exd5 $18 Bxd5 24. Rb2 ({Stronger than} 24. axb5 Bxb3 25. Qb1 Bxa2 $17) 24... bxa4 25. bxa4 Nc4 $2 {[#]} (25... Rab8 {was necessary.}) 26. Bxc4 Bxc4 27. Bb4 Bc5 28. Bxc5 Qxc5 29. Ne4 Qa3 (29... Qc7 $142 30. Nxd6 Rd8) 30. Rb7 Rd8 31. Re3 Qa2 32. Nfg5 h6 33. Nc3 Qa3 34. Nd5 Bxd5 35. Qxd5 Qc1+ 36. Kh2 {Black got outplayed after the opening.  Weighted Error Value: White=0.04/Black=0.67} 1-0

[Event "FIDE Online-ch U18 Open 2020"]
[Site "Online"]
[Date "2020.12.19"]
[Round "1.8"]
[White "Sankalp Gupta"]
[Black "Gholami Orimi, Mahdi"]
[Result "0-1"]
[WhiteElo "2429"]
[BlackElo "2428"]
[Annotator "TA"]
[PlyCount "132"]
[EventDate "2020.12.19"]
[EventType "k.o."]
[EventCountry "NET"]
[SourceTitle "playchess.com"]
[Source "ChessBase"]
[SourceQuality "1"]

{[%evp 26,132,23,8,39,38,46,50,35,25,27,27,22,0,0,0,0,0,0,0,0,0,0,0,0,-20,-4,-44,-27,-10,-7,-7,0,-14,-11,-12,-14,-18,-18,-19,-22,-20,-8,-9,-4,-24,0,0,0,0,38,-110,-99,-106,-76,-198,-191,-259,-258,-229,-197,-270,-264,-277,-262,-258,-257,-257,-256,-251,-241,-240,-241,-256,-249,-250,-230,-296,-170,-175,-75,-226,-211,-208,-205,-223,-215,-573,-566,-554,-517,-465,-412,-329,-168,-1272,-1160,-1413,-1382,-1124,-1183,-1377,-1420,-29975,-29974,-29982,-29983,-29991,-29992]} 1. e4 e5 2. Nf3 Nc6 3. Bb5 a6 4. Ba4 Nf6 5. O-O Be7 6. Re1 b5 7. Bb3 O-O 8. c3 d5 9. exd5 Nxd5 10. Nxe5 Nxe5 11. Rxe5 c6 12. d3 Bd6 13. Re1 Bf5 {13...Bf5 is better than 13...Qh4.} 14. Qf3 Qh4 {C89: Closed Ruy Lopez: Marshall Attack.} 15. g3 Qh3 16. Be3 Bxd3 {White is slightly better.} 17. Nd2 Qf5 18. Bd4 Rfe8 {[#]} 19. Bxd5 $146 ({Predecessor:} 19. a4 h6 20. a5 Kf8 21. Qxf5 Bxf5 22. Bxd5 cxd5 23. b4 f6 24. f3 Kf7 25. Kf2 {½-½ (39) Kryvoruchko,Y (2669)-Aronian,L (2758) Douglas 2019}) 19... cxd5 20. Qxf5 Bxf5 21. f3 a5 22. Kf2 f6 23. Nf1 Kf7 24. Ne3 Be6 25. f4 b4 26. Kf3 h5 27. Rac1 Rac8 28. Red1 g6 29. Rd3 Rc6 30. Rcd1 Rb8 31. R3d2 a4 32. cxb4 Bxb4 33. Rd3 Rbc8 34. a3 Ba5 35. Kf2 Rc2+ 36. Nxc2 Rxc2+ 37. Kg1 Bf5 38. Bc3 {[#]} (38. b4 $14 {keeps the upper hand.} Bxd3 39. bxa5) 38... Bb6+ $1 $17 39. Bd4 Bxd3 40. Bxb6 {[%mdl 4096] Endgame KRB-KRB} (40. Rxd3 $17 Rxb2 41. Bxb6 Rxb6 42. Rd4) 40... Be4 $19 ({Resist} 40... Rxb2 41. Rxd3 Rxb6 42. Rd4 $17) 41. Bd4 (41. f5 $142) 41... Rg2+ 42. Kf1 Rxh2 43. Bf2 (43. Ke1 $142) 43... g5 44. fxg5 fxg5 45. Rd4 h4 46. gxh4 gxh4 {And now ...h3 would win.} 47. Rxa4 Rh1+ 48. Ke2 h3 {Threatens to win with ...h2.} 49. Ra8 {intending Rh8.} Rb1 50. Rh8 Rxb2+ 51. Ke1 Rb3 (51... Bf5 $142 52. Rh4 Kg6) 52. a4 Ra3 (52... Bf5 $19 {and Black stays clearly on top.} 53. Rh4 Rb2) 53. a5 $2 (53. Bc5 $17 Ra1+ 54. Kf2) 53... Ra1+ 54. Kd2 Ra2+ ({And not} 54... Rxa5 55. Rxh3 Ra2+ 56. Ke1 $11) 55. Ke1 Bf5 56. Rh5 $2 (56. Rh6 {is tougher.}) 56... Kg6 57. Rh8 Rxa5 58. Ke2 Ra2+ 59. Kf3 Rd2 (59... Ra4 $142 60. Bg1 d4) 60. Kg3 $2 (60. Be3 Rd3 61. Ke2) 60... d4 61. Rg8+ Kf7 62. Rg5 Kf6 63. Rg8 d3 64. Rd8 Re2 {Black mates.} 65. Rd4 {[#]} h2 $1 66. Rh4 (66. Kxh2 Rxf2+) 66... d2 {Accuracy: White = 61%, Black = 80%.} 0-1

[Event "FIDE Online-ch U18 Open 2020"]
[Site "Online"]
[Date "2020.12.19"]
[Round "2.1"]
[White "Esipenko, Andrey"]
[Black "Gholami Orimi, Mahdi"]
[Result "0-1"]
[WhiteElo "2683"]
[BlackElo "2428"]
[Annotator "TA"]
[PlyCount "122"]
[EventDate "2020.12.19"]
[EventType "k.o."]
[EventCountry "NET"]
[SourceTitle "playchess.com"]
[Source "ChessBase"]
[SourceQuality "1"]

{[%evp 22,122,9,0,0,0,0,0,0,0,2,8,7,0,0,-10,-12,-6,-7,-16,-14,-14,-11,-20,-6,-14,-7,-14,-8,-16,0,-26,-6,-5,-5,-7,-6,-7,-7,-7,-7,-7,-9,-21,-33,-99,-78,-96,-101,-100,-107,-143,-72,-65,-68,-74,-89,-143,-133,-137,-132,-120,0,0,0,0,0,-19,0,0,0,0,0,0,0,-8,-8,-21,-8,-9,0,-11,-17,-15,-17,-726,-713,-689,-677,-647,-612,-3305,-2905,-29978,-29979,-29974,-29975,-29974,-29975,-29975,-29976,-29978,-29978]} 1. c4 f5 2. d4 Nf6 3. Nc3 g6 4. g3 Bg7 5. Bg2 O-O 6. Nf3 d6 7. O-O c6 8. d5 e5 9. dxe6 Bxe6 10. b3 Na6 11. Bb2 Qe7 12. Qc2 d5 {A88: Dutch Defence: Leningrad System: 5 Nf3 0-0 6 0-0 d6 7 Nc3 c6.} 13. cxd5 Nxd5 14. Nxd5 Bxd5 {The position is equal.} 15. Bxg7 Kxg7 16. Rfd1 Rad8 17. Ne1 Nc7 {[#]} 18. Qb2+ $146 ({Predecessor:} 18. Bxd5 Nxd5 19. e3 c5 20. Qc4 Nf6 21. Nd3 b6 22. Nf4 Rde8 23. Nd5 Nxd5 24. Rxd5 Rd8 25. Rad1 Rxd5 26. Qxd5 Rf7 27. Rd2 {½-½ (27) Schwarz,P (2270)-Kalinitschew,S (2430) Wiesbaden 1991}) 18... Qf6 19. Qxf6+ Kxf6 20. Nd3 Bxg2 21. Kxg2 Ne6 22. Kf1 Rd5 23. Rdc1 Rfd8 24. h4 h6 25. Rc4 Rd4 26. Rc3 g5 27. hxg5+ hxg5 28. Kg2 Rh8 29. Rcc1 Rdd8 30. Rh1 Nd4 31. Rxh8 Rxh8 $11 {[%mdl 4096] Endgame KRN-KRN} 32. e3 Ne6 33. Kf3 (33. Rd1 $15) 33... g4+ $17 34. Ke2 Ng5 $1 35. Rc1 Rh2 $1 36. Kf1 {[#]} Ne4 (36... Rh1+ $142 $1 37. Ke2 Rxc1 38. Nxc1 Ke5) 37. Kg1 Rh7 38. Nc5 Ng5 {Strongly threatening ...Nf3+.} 39. Rd1 ({Better is} 39. Rc2) 39... Nf3+ 40. Kf1 b6 41. Nd3 Rd7 (41... Rh1+ $17 42. Ke2 Rxd1 43. Kxd1 Ng5) 42. Ke2 $11 c5 43. Rh1 Kg7 44. Rh5 Kg6 45. Rh8 Kg7 46. Rc8 Ng5 47. Ne5 Rd5 48. Nc4 Ne4 {And now ...b5 would win.} 49. a4 Nc3+ 50. Kf1 Rd1+ 51. Kg2 Ne4 52. Rc7+ {[%mdl 64] Double Attack} Kf6 53. Rxa7 $2 {[%mdl 8192] [#] This move loses the game for White.} (53. f3 $11 gxf3+ 54. Kxf3) 53... Ng5 $1 $19 {[%cal Rg5f3] ( -> ...Nf3)} 54. f4 gxf3+ 55. Kf2 Rh1 56. Nd6 Rh2+ 57. Kg1 f2+ {Black mates.} 58. Kf1 Nh3 59. Rf7+ Ke6 60. Rxf5 Kxd6 61. Ke2 Rh1 {Weighted Error Value: White=0.46/Black=0.05} 0-1